[Event "SVK-chT3A2 1213"]
[Site "Slovakia"]
[Date "2012.10.07"]
[Round "1.6"]
[White "Vlkovic, Pavol"]
[Black "Matejovic, Ludovit"]
[Result "1-0"]
[WhiteElo "1801"]
[BlackElo "1691"]
[PlyCount "71"]
[EventDate "2012.10.07"]
[EventType "team-tourn"]
[EventRounds "11"]
[EventCountry "SVK"]
[SourceTitle "EXT 2015"]
[Source "ChessBase"]
[SourceDate "2014.11.20"]
[SourceVersion "1"]
[SourceVersionDate "2014.11.20"]
[SourceQuality "1"]
[WhiteTeam "Cifer"]
[BlackTeam "Piestany Kupele II"]
[WhiteTeamCountry "SVK"]
[BlackTeamCountry "SVK"]

1. e4 e5 2. Nf3 Nc6 3. Bc4 Bc5 4. 0-0 d6 5. h3 f5 6. exf5 Bxf5 7. d3 Nd4 8. Be3 d5 9. Bxd4 Bxd4 10. Nxd4 exd4 11. Bb3 Qg5 12. Qf3 c6 13. Re1+ Ne7 14. Qg3 Qxg3 15. fxg3 Kd7 16. Nd2 Rae8 17. Nf3 Rhf8 18. Nxd4 h5 19. Re5 g6 20. Rae1 a5 21. a4 Ng8 22. Rxe8 Rxe8 23. Rxe8 Kxe8 24. Nxf5 gxf5 25. Kf2 Ne7 26. c3 Kf7 27. Ke3 Ng6 28. Bd1 h4 29. Bh5 hxg3 30. Kf3 Kf6 31. Bxg6 Kxg6 32. Kxg3 Kg5 33. Kf3 f4 34. h4+ Kh5 35. Kxf4 Kxh4 36. g4 1-0

[Event "SVK-ch U14"]
[Site "Liptovsky Mikulas"]
[Date "2005.04.14"]
[Round "6"]
[White "Matejovic, Ludovit"]
[Black "Petenyi, Tamas"]
[Result "0-1"]
[WhiteElo "1537"]
[BlackElo "2084"]
[PlyCount "74"]
[EventDate "2005.04.11"]
[EventType "swiss"]
[EventRounds "9"]
[EventCountry "SVK"]
[SourceTitle "EXT 2008"]
[Source "ChessBase"]
[SourceDate "2007.11.25"]
[SourceVersion "1"]
[SourceVersionDate "2007.11.25"]
[SourceQuality "1"]

1. e4 c5 2. Nf3 d6 3. d4 cxd4 4. Nxd4 Nf6 5. Nc3 g6 6. Be2 Bg7 7. Be3 0-0 8. 0-0 Nc6 9. Nb3 Bd7 10. Re1 a6 11. Qd2 Ng4 12. Bxg4 Bxg4 13. f3 Bd7 14. Rad1 Ne5 15. Qe2 b5 16. Nd4 Nc4 17. b3 Nxe3 18. Qxe3 Rc8 19. Rd2 e6 20. Red1 Qc7 21. Rd3 Rfd8 22. Qd2 Bxd4+ 23. Rxd4 Qxc3 24. Qxc3 Rxc3 25. Rxd6 Rc7 26. Rxa6 Kf8 27. Rad6 Ke7 28. R6d2 Ra8 29. Ra1 b4 30. Kf2 Rca7 31. Rad1 Bb5 32. Rd4 Rxa2 33. R1d2 Rc8 34. Rxb4 Rcxc2 35. Rxc2 Rxc2+ 36. Kg3 Bf1 37. Rb7+ Kf6 0-1